000 00900nam a2200277 a 4500
999 _c7285
_d7285
001 3568090
003 OSt
005 20210927133722.0
008 970228s1996 enka b 001 0 eng d
010 _a 98154516
020 _a0750631147
035 _a(OCoLC)36467915
040 _aMiU
_cDDC
_dAzTeS
_dUk
_dDLC
042 _alccopycat
050 0 4 _aTA165
_b.B638 1996
082 0 0 _a620.1BOL 1996
100 1 _aBolton W.
_q(William),
_d1933-
_95285
245 1 0 _aMeasurement and instrumentation systems.
_cEdited by Bolton W.
260 _aOxford :
_bNewnes,
_c1996.
300 _avii,412p.
_bill. ;
_c25cm.
504 _aIncludes; bibliographical references and index.
650 0 _aPhysics
_9809
906 _a7
_bcbc
_ccopycat
_d3
_encip
_f19
_gy-gencatlg
942 _2ddc
_cO_SHELF